00370pab a2200121 454500008003600000100001500036245003800051362005100089650003100140650001800171650003700189773002200226180718b xxu||||| |||| 00| 0 eng d aGupta S.P. aDelet crisis and economic reforms a27 Dec 93, p.6; 28 Dec 93, p.6; 29 Dec 93, p.6 a Economic Reforms -- India a Delet Crisis aInternational Economic Relations aFinancial Express